Идиот: роман

Dettagli Bibliografici
Autore principale: Достоевский Ф. М. Федор Михайлович
Riassunto:"Идиот" — роман, в котором творческие принципы Достоевского воплощаются в полной мере, а удивительное владение сюжетом достигает подлинного расцвета. Яркая и почти болезненно талантливая история несчастного князя Мышкина, неистового Парфена Рогожина и отчаявшейся Настасьи Филипповны, много раз экранизированная и поставленная на сцене, и сейчас завораживает читателя...
Lingua:russo
Pubblicazione: Москва, АСТ, 2011
Serie:Русская классика
Soggetti:
Natura: Libro
KOHA link:https://koha.lib.tpu.ru/cgi-bin/koha/opac-detail.pl?biblionumber=211951

MARC

LEADER 00000nam0a2200000 4500
001 211951
005 20231101225723.0
010 |a 9785170632565 
010 |a 978-5-271-29899-8 
035 |a (RuTPU)RU\TPU\book\231568 
035 |a RU\TPU\book\229860 
090 |a 211951 
100 |a 20120321d2011 m y0rusy50 ca 
101 0 |a rus 
102 |a RU 
105 |a y z 000ay 
200 1 |a Идиот  |e роман  |f Ф. М. Достоевский 
210 |a Москва  |c АСТ  |c Астрель  |d 2011 
215 |a 622 с. 
225 1 |a Русская классика 
330 |a "Идиот" — роман, в котором творческие принципы Достоевского воплощаются в полной мере, а удивительное владение сюжетом достигает подлинного расцвета. Яркая и почти болезненно талантливая история несчастного князя Мышкина, неистового Парфена Рогожина и отчаявшейся Настасьи Филипповны, много раз экранизированная и поставленная на сцене, и сейчас завораживает читателя... 
610 1 |a русская литература 
610 1 |a 19 век 
610 1 |a романы 
675 |a Р1  |v 3 
700 1 |a Достоевский  |b Ф. М.  |c русский писатель  |f 1821-1881  |g Федор Михайлович  |2 stltpush  |3 (RuTPU)RU\TPU\pers\1038  |9 461 
801 1 |a RU  |b 63413507  |c 20120227 
801 2 |a RU  |b 63413507  |c 20120403  |g RCR 
942 |c BK